000
00308nam a22001337a 4500
008
170220b xxu||||| |||| 00| 0 eng d
020
_a
9781582120744
041
_a
eng
080
_2
15TH
_a
615
100
_a
5
101
_a
SHF
245
_a
HANDBOOK OF NONPRESCRIPTION DRUGS
_c
BERARDI, R.R
942
_2
udc
_c
BK
999
_c
5759
_d
5759